Исследование структуры и свойств карбидосталей, полученных методом тигельного плавления; Современные техника и технологии; Т. 2

Bibliografiske detaljer
Parent link:Современные техника и технологии: сборник трудов XVI Международной научно-практической конференции студентов, аспирантов и молодых ученых, Томск, 12-16 апреля 2010 г/ Национальный исследовательский Томский политехнический университет (ТПУ).— , 2010
Т. 2.— 2010.— [С. 204-206]
Hovedforfatter: Оспанов Е. С.
Andre forfattere: Сизова О. В. (научный руководитель)
Summary:Заглавие с титульного листа
Электронная версия печатной публикации
Sprog:russisk
Udgivet: 2010
Fag:
Online adgang:http://www.lib.tpu.ru/fulltext/c/2010/C01/V2/086.pdf
Format: MixedMaterials Electronisk Book Chapter
KOHA link:https://koha.lib.tpu.ru/cgi-bin/koha/opac-detail.pl?biblionumber=232941

MARC

LEADER 00000nla2a2200000 4500
001 232941
005 20231031203456.0
035 |a (RuTPU)RU\TPU\book\254003 
035 |a RU\TPU\book\253999 
090 |a 232941 
100 |a 20130221d2010 k y0rusy50 ca 
101 0 |a rus 
102 |a RU 
105 |a y z 101zy 
135 |a drnn ---uucaa 
181 0 |a i  
182 0 |a b 
200 1 |a Исследование структуры и свойств карбидосталей, полученных методом тигельного плавления  |b Электронный ресурс  |f Е. С. Оспанов  |g науч. рук. О. В. Сизова 
203 |a Текст  |c электронный 
215 |a 1 файл (424 Кб) 
230 |a Электронные текстовые данные (1 файл : 424 Кб) 
300 |a Заглавие с титульного листа 
300 |a Электронная версия печатной публикации 
337 |a Adobe Reader 
461 0 |0 (RuTPU)RU\TPU\book\245271  |t Современные техника и технологии  |o сборник трудов XVI Международной научно-практической конференции студентов, аспирантов и молодых ученых, Томск, 12-16 апреля 2010 г  |o в 3 т.  |f Национальный исследовательский Томский политехнический университет (ТПУ)  |d 2010 
463 0 |0 (RuTPU)RU\TPU\book\250479  |t Т. 2  |v [С. 204-206]  |d 2010  |p [426 с.] 
610 1 |a электронный ресурс 
610 1 |a труды учёных ТПУ 
610 1 |a карбидосталь 
610 1 |a структура 
610 1 |a свойства 
610 1 |a исследование 
610 1 |a тигельные печи 
610 1 |a плавление 
610 1 |a тигельное плавление 
610 1 |a химический состав 
610 1 |a термическая обработка 
610 1 |a температурные режимы 
700 1 |a Оспанов  |b Е. С. 
702 1 |a Сизова  |b О. В.  |4 727 
801 1 |a RU  |b 63413507  |c 20130213 
801 2 |a RU  |b 63413507  |c 20130513  |g RCR 
856 4 |u http://www.lib.tpu.ru/fulltext/c/2010/C01/V2/086.pdf 
942 |c CF